Hello in different languages - Statistics

General Stats
  • This quiz has been taken 48 times
    14 since last reset
  • The average score is 17 of 40
Answer Stats
Word Language % Correct
Hello English/Hungarian/Somali
100%
Bonjour French
100%
Ciao Italian
100%
Hola Spanish
100%
Hallo German/Dutch/Norwegian/Afrikaans
92%
مرحبًا Arabic
83%
你好 Chinese
83%
こんにちは Japanese
67%
안녕하세요 Korean
67%
Olá Portuguese
67%
Γειά σου Greek
58%
שלום Hebrew
58%
Xin chào Vietnamese
58%
Cześć Polish
50%
Привет Russian
50%
Hej Danish
42%
नमस्ते Hindi/Nepali
42%
سلام Persian
42%
สวัสดี Thai
42%
ሀሎ Amharic
33%
Здраво Serbian
33%
Merhaba Turkish
33%
Привіт Ukrainian
33%
Përshëndetje Albanian
25%
မင်္ဂလာပါ Burmese
25%
zdravo Croatian
25%
Ahoj Czech
25%
ສະບາຍດີ Lao
25%
Hei Finnish
17%
Сайн уу Mongolian
17%
ਸਤ ਸ੍ਰੀ ਅਕਾਲ Punjabi
17%
Hallå Swedish
17%
Dia dhuit Irish
8%
سلام Pashto
8%
Habari Swahili
8%
Pẹlẹ o Yoruba
8%
Sawubona Zulu
8%
नमस्कार Marathi
0%
Allinllachu Quechua
0%
Mholo Xhosa
0%
No matching quizzes found
Score Distribution
Percent of People with Each Score
Percentile by Number Answered
Your Score History
You have not taken this quiz since the last reset